000 01155nas a2200373 4500
001 BR0405227
003 BR-BrBNA
005 20231205104937.0
007 ta
008 230509b bl.|||p| |||| 00| 00por d
040 _aBR-BrBNA
_bpor
_cBiblioteca Nacional de Agricultura
041 _a(Pt)
072 _aQ54; L02
100 1 _aFranco, J.R.G.
100 1 _aMurakami, A.E.
100 1 _aSakamoto, M.I.
100 1 _aMartins, E.N.
100 1 _aMoreira, I.
100 1 _aPereira, M.A. dos S.
245 1 _aEfeito dos ionóforos e do balanço eletrolítico da dieta sobre o desempenho e a incidência de discondroplasia tibial em frangos de corte na fase inicial
650 _aFRANGO DE CORTE
650 _aTÍBIA
650 _aLESÃO
650 _aCOCCIDIOSTÁTICO
650 _aDIETA
650 _aPERFORMANCE
650 _aCONVERSÃO ALIMENTAR
650 _aPESO
650 _aCOMPOSIÇÃO DE ALIMENTO
650 _aVALOR NUTRITIVO
773 0 _tRevista Brasileira de Zootecnia (Brazil)
_xISSN 1516-3598
_g(Jan-Feb 2004), v. 33(1) p. 135-145
_wBR0405227
909 _a202311
_bLúcia
_c55
_dLúcia Elande
942 _2AGRIS
_n0
_cANA
999 _c180419
_d180419